000 00894nam a22002537a 4500
999 _c15419
_d15419
003 MIRAKIL
005 20240215132132.0
008 240215b tu ||||| |||| 00| 0 tur d
020 _a9754582505
040 _aTR-AnCHP
_cTR-AnCHP
041 _aTur
082 _a624.82009561
_bS75a 2001
090 _a624.82009561 S75a 2001
100 _aSönmez, Oktay
245 1 0 _aAnılarla gemiler ufkun ötesinde kayboldular :
_bbelgesel öyküler /
_cOktay Sönmez
250 _a1. bs
260 _aİstanbul :
_bTürkiye İş Bankası,
_c2001
_f(Mas Matbaası)
300 _a239 s. :
_brnk. res. ;
_c25 cm
490 0 _aTürkiye İş Bankası kültür yayınları ;
_vgenel yayın: 498.
490 0 _aEdebiyat dizisi ;
_v140
650 0 _97567
_aBelgesel öykü
_xGemiler
_zTürkiye
856 _zDijital Nüshası için Partimizin Kütüphane Sorumlusu ile iletişime geçiniz.
942 _2ddc
_cBKS